00221nam a2200085Ia 4500008004100000245004100041260003500082300000700117650001100124220216s9999 xx 000 0 und d 0aHankook looks to keep momentum going bThe Rubber Internationalc2013 a63 aRubber